Saturovanie slovenského trhu nákupnými centrami

Salvato in:
Dettagli Bibliografici
Autore principale: Petrovčiková, Katarína, 1977-
Natura: Capitolo di libro
Lingua:slovacco
Tags: Aggiungi Tag
Nessun Tag, puoi essere il primo ad aggiungerne!!

MARC

LEADER 00000nla a2200000 4500
001 0224922
005 20240502073702.4
041 0 |a slo 
044 |a SK 
245 1 0 |a Saturovanie slovenského trhu nákupnými centrami  |c Katarína Petrovčíková 
500 |a Abstrakt 
100 1 |a Petrovčiková, Katarína, 1977-